| 000 | 00462cam a22001457a 4500 | ||
|---|---|---|---|
| 008 | 180718b2001 xxu||||| |||| 00| 0 eng d | ||
| 020 | _a8187884010 | ||
| 082 | _aT19x54 P136 | ||
| 245 |
_aA decade of trade liberalization in India _cedited by K. Padmanabhan |
||
| 260 |
_aTirupattur _bIndian Institute of Public Administration _c2001 |
||
| 300 | _a217p. | ||
| 650 | _aIndia - Economic policy | ||
| 650 | _aIndia - Economic conditions | ||
| 700 | _aPadmanabhan, K. | ||
| 999 |
_c492196 _d492196 |
||